[Event "Prague Summer Holiday M1"]
[Site "Prague"]
[Date "2022.07.28"]
[Round "7"]
[White "Matthai, Jakob"]
[Black "Thomasson, Staffan"]
[Result "1-0"]
[WhiteElo "1997"]
[BlackElo "1749"]
[PlyCount "67"]
[EventDate "2022.07.24"]
[EventType "tourn"]
[EventRounds "9"]
[EventCountry "CZE"]
[SourceTitle "CBM 209 Extra"]
[Source "ChessBase"]
[SourceDate "2022.09.30"]
[SourceVersion "1"]
[SourceVersionDate "2022.09.30"]
[SourceQuality "1"]

1. e4 g6 2. d4 c6 3. Nc3 d5 4. Nf3 dxe4 5. Nxe4 Bg7 6. Be2 Nd7 7. 0-0 Ngf6 8. Nxf6+ Nxf6 9. Re1 0-0 10. c3 Re8 11. Bf4 Qb6 12. Qc1 Bf5 13. Be5 Rad8 14. a4 a5 15. Bc4 Bf8 16. Ra3 Nd5 17. h3 Qa7 18. Ra1 Nb6 19. Bb3 Nd7 20. Ng5 Nxe5 21. Rxe5 e6 22. g4 Bd3 23. Qf4 b6 24. Qf3 Ba6 25. Rae1 Bc8 26. Ne4 Re7 27. Nf6+ Kh8 28. g5 c5 29. d5 exd5 30. Nxd5 Bf5 31. Nxe7 Rd3 32. Qc6 Bd7 33. Qf6+ Bg7 34. Qxf7 1-0

[Event "Prague Summer Holiday M1"]
[Site "Prague"]
[Date "2022.07.28"]
[Round "8"]
[White "Thomasson, Staffan"]
[Black "Hentzgen, Thomas"]
[Result "1-0"]
[WhiteElo "1749"]
[BlackElo "2022"]
[PlyCount "43"]
[EventDate "2022.07.24"]
[EventType "tourn"]
[EventRounds "9"]
[EventCountry "CZE"]
[SourceTitle "CBM 209 Extra"]
[Source "ChessBase"]
[SourceDate "2022.09.30"]
[SourceVersion "1"]
[SourceVersionDate "2022.09.30"]
[SourceQuality "1"]

1. c4 b6 2. e4 Bb7 3. Nc3 e5 4. Nf3 Nc6 5. d4 exd4 6. Nxd4 Bb4 7. Be2 Qf6 8. Be3 Bxc3+ 9. bxc3 Nge7 10. 0-0 d6 11. f4 0-0-0 12. Qa4 h6 13. Rab1 g5 14. Nb5 a6 15. Bg4+ Kb8 16. Nxc7 Kxc7 17. Bxb6+ Kb8 18. Bxd8 Nxd8 19. Qxa6 gxf4 20. Rxb7+ Nxb7 21. Rb1 Nc6 22. Qxb7# 1-0

[Event "Prague Summer Holiday M1"]
[Site "Prague"]
[Date "2022.07.27"]
[Round "6"]
[White "Thomasson, Staffan"]
[Black "Hajek, Zdenek"]
[Result "0-1"]
[WhiteElo "1749"]
[BlackElo "1958"]
[PlyCount "120"]
[EventDate "2022.07.24"]
[EventType "tourn"]
[EventRounds "9"]
[EventCountry "CZE"]
[SourceTitle "CBM 209 Extra"]
[Source "ChessBase"]
[SourceDate "2022.09.30"]
[SourceVersion "1"]
[SourceVersionDate "2022.09.30"]
[SourceQuality "1"]

1. c4 Nf6 2. g3 e6 3. Nf3 Be7 4. Bg2 d5 5. 0-0 0-0 6. d4 c6 7. b3 Nbd7 8. Nc3 b6 9. Bb2 Ba6 10. cxd5 cxd5 11. Re1 Rc8 12. Rc1 h6 13. a3 Bd6 14. Nd2 Bb7 15. e4 dxe4 16. Ncxe4 Rxc1 17. Qxc1 Nxe4 18. Nxe4 Bxe4 19. Bxe4 Nf6 20. Bb1 Qc7 21. Qd2 Nd5 22. Qd3 g6 23. h4 h5 24. Kh2 Qe7 25. Kg1 Bxa3 26. Bxa3 Qxa3 27. Rxe6 Qc1+ 28. Kg2 Qh6 29. Rd6 Ne7 30. Rd7 Nf5 31. Qa6 Re8 32. Qxa7 Re1 33. Bxf5 gxf5 34. Qa8+ Kg7 35. Qd5 Qg6 36. Rd6 Qg4 37. Rd7 Qe4+ 38. Qxe4 fxe4 39. Rd6 Rd1 40. b4 b5 41. Rd5 Kg6 42. g4 hxg4 43. h5+ Kf6 44. Kg3 Rd2 45. Rd6+ Kg5 46. h6 f5 47. h7 f4+ 48. Kg2 g3 49. h8Q Rxf2+ 50. Kg1 Kg4 51. Qc8+ Kf3 52. Qc3+ e3 53. Rf6 Rg2+ 54. Kf1 Rf2+ 55. Ke1 Re2+ 56. Kd1 Rd2+ 57. Kc1 g2 58. Qc6+ Kg3 59. Rg6+ Kh2 60. Rh6+ Kg3 0-1

[Event "Prague Summer Holiday M1"]
[Site "Prague"]
[Date "2022.07.26"]
[Round "4"]
[White "Thomasson, Staffan"]
[Black "Kalisky, Vladimir"]
[Result "0-1"]
[WhiteElo "1749"]
[BlackElo "2137"]
[PlyCount "38"]
[EventDate "2022.07.24"]
[EventType "tourn"]
[EventRounds "9"]
[EventCountry "CZE"]
[SourceTitle "CBM 209 Extra"]
[Source "ChessBase"]
[SourceDate "2022.09.30"]
[SourceVersion "1"]
[SourceVersionDate "2022.09.30"]
[SourceQuality "1"]

1. c4 e5 2. g3 Nc6 3. Bg2 Bc5 4. Nc3 Nf6 5. e3 d6 6. Nge2 0-0 7. 0-0 h6 8. d4 Bb4 9. a3 Bxc3 10. Nxc3 Bg4 11. Qd2 exd4 12. exd4 Qd7 13. Re1 Rfe8 14. Rxe8+ Rxe8 15. b4 Qf5 16. f4 Bh3 17. Bh1 Nxd4 18. Bb2 Nb3 19. Qd1 Qe6 0-1

[Event "Koge Lang Sommer Weekend"]
[Site "Koge"]
[Date "2020.07.26"]
[Round "7"]
[White "Nielsen, Angelo"]
[Black "Thomasson, Staffan"]
[Result "1-0"]
[WhiteElo "1717"]
[BlackElo "1900"]
[PlyCount "81"]
[EventDate "2020.07.22"]
[EventType "swiss"]
[EventRounds "7"]
[EventCountry "DEN"]
[SourceTitle "EXT 2021"]
[Source "ChessBase"]
[SourceDate "2020.10.23"]
[SourceVersion "1"]
[SourceVersionDate "2020.10.23"]
[SourceQuality "1"]

1. d4 g6 2. Nf3 Nf6 3. Bg5 Ne4 4. Bf4 c5 5. e3 Bg7 6. Bd3 d5 7. c3 Nc6 8. Nbd2 Bf5 9. Qb1 Nxd2 10. Kxd2 Bxd3 11. Qxd3 cxd4 12. exd4 0-0 13. Rhe1 a6 14. Ke2 b5 15. Kf1 b4 16. Qd2 bxc3 17. Qxc3 Rc8 18. Qd2 Qb6 19. Rad1 Rfe8 20. b3 Nb4 21. Kg1 Rc2 22. Qe3 Rxa2 23. Re2 Rxe2 24. Qxe2 Nc6 25. Qd3 Qb4 26. h4 h5 27. Be5 Nxe5 28. dxe5 e6 29. Qe3 Rc8 30. Rd4 Qc5 31. Qd3 a5 32. g3 Qc1+ 33. Kg2 Rc3 34. Qb5 Qa3 35. Rf4 Rxb3 36. Qd7 Qf8 37. Ng5 f5 38. exf6 e5 39. Qe6+ Kh8 40. fxg7+ Qxg7 41. Rf7 1-0

[Event "Vellmar op 11th"]
[Site "Vellmar"]
[Date "2019.07.05"]
[Round "3"]
[White "Wurst, Maximilian"]
[Black "Thomasson, Staffan"]
[Result "1-0"]
[WhiteElo "1704"]
[BlackElo "1876"]
[PlyCount "77"]
[EventDate "2019.07.04"]
[EventType "swiss"]
[EventRounds "7"]
[EventCountry "GER"]
[SourceTitle "CBM 191 Extra"]
[Source "ChessBase"]
[SourceDate "2019.09.30"]
[SourceVersion "1"]
[SourceVersionDate "2019.09.30"]
[SourceQuality "1"]

1. e4 g6 2. d4 Bg7 3. Nc3 c6 4. f4 d6 5. Nf3 Qc7 6. Be3 Nd7 7. a4 e5 8. Bc4 Ne7 9. fxe5 dxe5 10. d5 cxd5 11. Nb5 Qa5+ 12. b4 Qd8 13. Bxd5 Nxd5 14. Nd6+ Kf8 15. Qxd5 Qe7 16. 0-0 Nb6 17. Bxb6 axb6 18. Nxc8 Rxc8 19. Ng5 f6 20. Ne6+ Kf7 21. Nd8+ Ke8 22. Nxb7 Rb8 23. Nd6+ Kf8 24. Rad1 Bh6 25. Qb3 Kg7 26. Qg3 Bg5 27. h4 Rhd8 28. hxg5 Rxd6 29. Rxd6 Qxd6 30. gxf6+ Kf7 31. Qh4 Qd4+ 32. Kh2 h5 33. Qh3 Rd8 34. Qb3+ Kf8 35. Qe6 Re8 36. Qc6 Qxb4 37. f7 Rd8 38. Qxg6 Ke7 39. Qg5+ 1-0

[Event "Vellmar op 11th"]
[Site "Vellmar"]
[Date "2019.07.04"]
[Round "1"]
[White "Dorst, Johannes"]
[Black "Thomasson, Staffan"]
[Result "1-0"]
[WhiteElo "2234"]
[BlackElo "1876"]
[PlyCount "54"]
[EventDate "2019.07.04"]
[EventType "swiss"]
[EventRounds "7"]
[EventCountry "GER"]
[SourceTitle "CBM 191 Extra"]
[Source "ChessBase"]
[SourceDate "2019.09.30"]
[SourceVersion "1"]
[SourceVersionDate "2019.09.30"]
[SourceQuality "1"]

1. e4 c5 2. Nc3 g6 3. d4 cxd4 4. Qxd4 Nf6 5. Bb5 a6 6. Nd5 axb5 7. Qe5 Bg7 8. Nc7+ Kf8 9. Nxa8 Nc6 10. Qxb5 Nxe4 11. Ne2 d5 12. Nb6 Nd6 13. Qc5 Bf5 14. Be3 e6 15. Nc8 Qxc8 16. Qxd6+ Kg8 17. c3 Ne5 18. 0-0 Ng4 19. Bf4 e5 20. Bg5 Bd3 21. Rfe1 Qf5 22. Qd8+ Bf8 23. f3 Kg7 24. fxg4 Bc5+ 25. Kh1 Qf2 26. Qxd5 e4 27. Rf1 Qxe2 1-0

[Event "Vellmar op 10th"]
[Site "Vellmar"]
[Date "2018.07.15"]
[Round "7"]
[White "Krien, Hartmut"]
[Black "Thomasson, Staffan"]
[Result "1/2-1/2"]
[WhiteElo "1834"]
[BlackElo "1868"]
[PlyCount "42"]
[EventDate "2018.07.12"]
[EventType "swiss"]
[EventRounds "7"]
[EventCountry "GER"]
[SourceTitle "CBM 185 Extra"]
[Source "ChessBase"]
[SourceDate "2018.07.29"]
[SourceVersion "1"]
[SourceVersionDate "2018.07.29"]
[SourceQuality "1"]

1. e4 g6 2. d4 Bg7 3. f4 c5 4. Nf3 cxd4 5. Nxd4 Nc6 6. c3 Qb6 7. Nxc6 dxc6 8. Qb3 Be6 9. Qxb6 axb6 10. a3 Nf6 11. Bd3 0-0-0 12. Bc2 Bc4 13. Be3 b5 14. Nd2 Bd3 15. Bxd3 Rxd3 16. Bd4 Nh5 17. Bxg7 Nxg7 18. 0-0-0 Ne6 19. g3 Nc5 20. e5 Rhd8 21. Nb1 Nb3+ 1/2-1/2

[Event "Vellmar op 10th"]
[Site "Vellmar"]
[Date "2018.07.14"]
[Round "4"]
[White "Thomasson, Staffan"]
[Black "Fromm, Nick"]
[Result "0-1"]
[WhiteElo "1868"]
[BlackElo "1614"]
[PlyCount "78"]
[EventDate "2018.07.12"]
[EventType "swiss"]
[EventRounds "7"]
[EventCountry "GER"]
[SourceTitle "CBM 185 Extra"]
[Source "ChessBase"]
[SourceDate "2018.07.29"]
[SourceVersion "1"]
[SourceVersionDate "2018.07.29"]
[SourceQuality "1"]

1. c4 Nf6 2. g3 c6 3. Bg2 d5 4. Nf3 dxc4 5. Na3 g6 6. 0-0 Bg7 7. Nxc4 0-0 8. d4 Bf5 9. Qb3 Qc8 10. Re1 Na6 11. Bg5 Be6 12. Qc2 c5 13. Rac1 b5 14. Ncd2 c4 15. e4 Nb4 16. Qb1 Nd3 17. d5 Nxe1 18. dxe6 Nxf3+ 19. Bxf3 Qxe6 20. e5 Qxe5 21. Bf4 Qd4 22. Be3 Qd7 23. Bxa8 Rxa8 24. Nf3 Qb7 25. Nd4 Ng4 26. b3 Nxe3 27. fxe3 Bxd4 28. exd4 Qd5 29. Qb2 Rd8 30. Re1 Qxd4+ 31. Qxd4 Rxd4 32. bxc4 Rxc4 33. Rxe7 Rc1+ 34. Kf2 Rc2+ 35. Re2 Rxe2+ 36. Kxe2 Kf8 37. Kd3 Ke7 38. Kc3 a5 39. Kd4 Kd6 0-1

[Event "Vellmar op 10th"]
[Site "Vellmar"]
[Date "2018.07.14"]
[Round "5"]
[White "Weber, Andreas"]
[Black "Thomasson, Staffan"]
[Result "1-0"]
[WhiteElo "1693"]
[BlackElo "1868"]
[PlyCount "63"]
[EventDate "2018.07.12"]
[EventType "swiss"]
[EventRounds "7"]
[EventCountry "GER"]
[SourceTitle "CBM 185 Extra"]
[Source "ChessBase"]
[SourceDate "2018.07.29"]
[SourceVersion "1"]
[SourceVersionDate "2018.07.29"]
[SourceQuality "1"]

1. Nf3 Nf6 2. g3 d5 3. Bg2 c6 4. 0-0 Bf5 5. d3 Nbd7 6. Nbd2 e5 7. Re1 Bc5 8. h3 Qb6 9. Rf1 0-0-0 10. Nh4 Be6 11. Qe1 g5 12. Nhf3 e4 13. d4 Bxd4 14. Nxd4 Qxd4 15. Nb3 Qe5 16. Qa5 Kb8 17. Be3 b6 18. Qb4 Rc8 19. a4 c5 20. Qa3 d4 21. Bd2 e3 22. a5 b5 23. fxe3 Qxg3 24. Rf3 Qc7 25. Be1 Bd5 26. Bg3 Ne5 27. Rxf6 Bxg2 28. Kxg2 Ka8 29. exd4 Qb7+ 30. Kh2 Nc4 31. Nxc5 Qe7 32. Qf3+ 1-0

[Event "Vaxjo op"]
[Site "Vaxjo"]
[Date "2018.02.09"]
[Round "1"]
[White "Burwick, Malte"]
[Black "Thomasson, Staffan"]
[Result "1/2-1/2"]
[WhiteElo "2247"]
[BlackElo "1847"]
[PlyCount "29"]
[EventDate "2018.02.09"]
[EventType "swiss"]
[EventRounds "8"]
[EventCountry "SWE"]
[SourceTitle "CBM 182 Extra"]
[Source "ChessBase"]
[SourceDate "2018.02.23"]
[SourceVersion "1"]
[SourceVersionDate "2018.02.23"]
[SourceQuality "1"]

1. Nf3 c5 2. g3 g6 3. Bg2 Bg7 4. 0-0 Nc6 5. e4 e5 6. Na3 Nge7 7. Nc4 d6 8. c3 0-0 9. a4 Be6 10. d3 Rc8 11. Ng5 Qd7 12. Nxe6 fxe6 13. Bh3 d5 14. exd5 Nxd5 15. Qe2 1/2-1/2

[Event "Vellmar op 9th"]
[Site "Vellmar"]
[Date "2017.07.16"]
[Round "6"]
[White "Hettler, Wolfgang"]
[Black "Thomasson, Staffan"]
[Result "1/2-1/2"]
[WhiteElo "2040"]
[BlackElo "1921"]
[PlyCount "43"]
[EventDate "2017.07.13"]
[EventType "swiss"]
[EventRounds "7"]
[EventCountry "GER"]
[SourceTitle "CBM 179 Extra"]
[Source "ChessBase"]
[SourceDate "2017.08.23"]
[SourceVersion "1"]
[SourceVersionDate "2017.08.23"]
[SourceQuality "1"]

1. e4 c5 2. Nf3 g6 3. c3 Bg7 4. Na3 Nc6 5. Bb5 Qc7 6. 0-0 a6 7. Bxc6 Qxc6 8. Qe2 d5 9. exd5 Qxd5 10. h3 e6 11. Nc4 Qd8 12. d4 cxd4 13. Nxd4 Nf6 14. Bg5 Qc7 15. a4 Nd5 16. Ne3 Nxe3 17. Qxe3 Qe5 18. Qd2 0-0 19. Bh6 Rd8 20. Bxg7 Kxg7 21. Rfe1 Qd5 22. Qe3 1/2-1/2

[Event "Vellmar op 9th"]
[Site "Vellmar"]
[Date "2017.07.14"]
[Round "3"]
[White "Thomasson, Staffan"]
[Black "Stoeber, Alexander"]
[Result "1/2-1/2"]
[WhiteElo "1921"]
[BlackElo "2092"]
[PlyCount "68"]
[EventDate "2017.07.13"]
[EventType "swiss"]
[EventRounds "7"]
[EventCountry "GER"]
[SourceTitle "CBM 179 Extra"]
[Source "ChessBase"]
[SourceDate "2017.08.23"]
[SourceVersion "1"]
[SourceVersionDate "2017.08.23"]
[SourceQuality "1"]

1. c4 Nf6 2. g3 d6 3. Bg2 g6 4. Nc3 Bg7 5. Nf3 0-0 6. 0-0 c6 7. d4 Nbd7 8. b3 Re8 9. Bb2 Qc7 10. Rc1 e5 11. e3 Nf8 12. h3 Qe7 13. d5 e4 14. Nd2 h5 15. Ncxe4 Nxe4 16. Bxg7 Kxg7 17. Nxe4 Bxh3 18. Qd4+ Qe5 19. Nxd6 Bxg2 20. Nxe8+ Rxe8 21. Kxg2 Qxd4 22. exd4 Re2 23. dxc6 bxc6 24. a4 Ne6 25. Rfd1 Rb2 26. Rc3 Ng5 27. Re3 f5 28. d5 cxd5 29. cxd5 Ne4 30. d6 Nxf2 31. Re7+ Kf6 32. Rd5 Ne4+ 33. Kf1 Rb1+ 34. Kg2 Rb2+ 1/2-1/2

[Event "Vellmar op 9th"]
[Site "Vellmar"]
[Date "2017.07.14"]
[Round "2"]
[White "Wohlrabe, Joerg"]
[Black "Thomasson, Staffan"]
[Result "0-1"]
[WhiteElo "1791"]
[BlackElo "1921"]
[PlyCount "116"]
[EventDate "2017.07.13"]
[EventType "swiss"]
[EventRounds "7"]
[EventCountry "GER"]
[SourceTitle "CBM 179 Extra"]
[Source "ChessBase"]
[SourceDate "2017.08.23"]
[SourceVersion "1"]
[SourceVersionDate "2017.08.23"]
[SourceQuality "1"]

1. e4 c5 2. Nf3 g6 3. d4 Bg7 4. c3 cxd4 5. cxd4 Nf6 6. Nc3 d6 7. Bb5+ Bd7 8. Bxd7+ Nbxd7 9. Qb3 b6 10. e5 dxe5 11. dxe5 Ng4 12. e6 Nc5 13. Qb5+ Kf8 14. exf7 Nd3+ 15. Ke2 Nc5 16. Qc4 Qc8 17. h3 Ne5 18. Nxe5 Bxe5 19. Bh6+ Bg7 20. Bxg7+ Kxg7 21. Rad1 Rf8 22. Rhe1 Rxf7 23. Kf1 Qf5 24. f3 e5 25. Ne4 Qf4 26. Nd6 Rf6 27. Qxf4 exf4 28. Re7+ Kh6 29. Nf7+ Kh5 30. Ne5 h6 31. Ng4 Re6 32. Rxe6 Nxe6 33. Rd6 Ng7 34. Nf6+ Kg5 35. Ne4+ Kh5 36. Rd5+ Nf5 37. Rd7 Rc8 38. Nc3 a5 39. Rb7 Rc6 40. Ne2 g5 41. Nc3 Kh4 42. Kf2 Ne3 43. Rd7 b5 44. Ne4 Rc2+ 45. Rd2 Nd1+ 46. Ke2 Rxd2+ 47. Kxd2 Ne3 48. Nd6 b4 49. b3 Kg3 50. Nc4 Nf1+ 51. Ke2 Kxg2 52. Nxa5 Ng3+ 53. Kd3 Kxf3 54. Nc6 Kg2 55. Nxb4 f3 56. Nc2 f2 57. Ne3+ Kg1 58. a4 Nf5 0-1

[Event "Prague Holiday M21"]
[Site "Prague"]
[Date "2015.07.30"]
[Round "8"]
[White "Thomasson, Staffan"]
[Black "Andersson, Stefan1111"]
[Result "0-1"]
[WhiteElo "1911"]
[BlackElo "2009"]
[PlyCount "73"]
[EventDate "2015.07.26"]
[EventType "tourn"]
[EventRounds "9"]
[EventCountry "CZE"]
[SourceTitle "EXT 2017"]
[Source "ChessBase"]
[SourceDate "2016.10.25"]
[SourceVersion "1"]
[SourceVersionDate "2016.10.25"]
[SourceQuality "1"]

1. c4 e6 2. g3 Nf6 3. Bg2 d5 4. e3 c5 5. Ne2 Be7 6. 0-0 0-0 7. b3 Nc6 8. Bb2 b6 9. d4 Qc7 10. Nbc3 Rd8 11. Rc1 dxc4 12. bxc4 Bb7 13. Qa4 a6 14. Rfd1 h6 15. a3 Rac8 16. Rd2 cxd4 17. exd4 Na5 18. Bxb7 Qxb7 19. c5 Nc6 20. cxb6 Qxb6 21. Nd1 Na7 22. Ne3 Rxc1+ 23. Bxc1 Nb5 24. Qb3 Qc6 25. Bb2 Qf3 26. Nf4 Ne4 27. Rc2 Nxd4 28. Bxd4 Rxd4 29. Qb8+ Rd8 30. Qb6 Bf6 31. Qxa6 Rd1+ 32. Nf1 Bd4 33. Nh3 Nxg3 34. hxg3 Qxg3+ 35. Kh1 Qxh3+ 36. Kg1 Qg4+ 37. Kh2 0-1

[Event "Prague Holiday M21"]
[Site "Prague"]
[Date "2015.07.26"]
[Round "1"]
[White "Thomasson, Staffan"]
[Black "Sittinger, Lutz"]
[Result "1-0"]
[WhiteElo "1911"]
[BlackElo "1909"]
[PlyCount "101"]
[EventDate "2015.07.26"]
[EventType "tourn"]
[EventRounds "9"]
[EventCountry "CZE"]
[SourceTitle "EXT 2017"]
[Source "ChessBase"]
[SourceDate "2016.10.25"]
[SourceVersion "1"]
[SourceVersionDate "2016.10.25"]
[SourceQuality "1"]

1. g3 d5 2. Bg2 e6 3. Nf3 Nf6 4. 0-0 Be7 5. c4 c6 6. d4 0-0 7. Nc3 Nbd7 8. a3 dxc4 9. Nd2 Nb6 10. e3 Nfd5 11. Qe2 Bd7 12. Nxc4 Nxc4 13. Qxc4 Rc8 14. b4 b5 15. Qb3 a5 16. bxa5 Qxa5 17. Bd2 Qa6 18. Rfc1 Nb6 19. Ne4 Rfd8 20. Bb4 Bf8 21. Nc5 Qa7 22. a4 bxa4 23. Nxa4 Bxb4 24. Nc5 Ba5 25. Qa3 Ra8 26. Nb3 Qc7 27. Nxa5 Ra7 28. Bxc6 Bxc6 29. Rxc6 Qxc6 30. Nxc6 Rxa3 31. Rxa3 Rd6 32. Ne5 f6 33. Nd3 Nc4 34. Rc3 Nd2 35. Kg2 Nb1 36. Rb3 Nd2 37. Rb2 Nc4 38. Rc2 Na3 39. Rc8+ Kf7 40. f4 Nb5 41. Kf3 Rb6 42. Nc5 f5 43. Rd8 Rd6 44. Rb8 Nc3 45. Rb7+ Kg6 46. Nd7 Nb5 47. Ne5+ Kh5 48. Rxg7 Kh6 49. Rg5 Rd7 50. Nxd7 e5 51. Rxf5 1-0

[Event "Prague Holiday M11"]
[Site "Prague"]
[Date "2015.07.24"]
[Round "9"]
[White "Thomasson, Staffan"]
[Black "Diehm, Alexander"]
[Result "0-1"]
[WhiteElo "1911"]
[BlackElo "2050"]
[PlyCount "92"]
[EventDate "2015.07.19"]
[EventType "tourn"]
[EventRounds "9"]
[EventCountry "CZE"]
[SourceTitle "EXT 2017"]
[Source "ChessBase"]
[SourceDate "2016.10.25"]
[SourceVersion "1"]
[SourceVersionDate "2016.10.25"]
[SourceQuality "1"]

1. g3 f5 2. Bg2 Nf6 3. d3 d5 4. Nd2 e5 5. e4 fxe4 6. dxe4 Nc6 7. exd5 Nxd5 8. Nc4 Be6 9. Qe2 Nd4 10. Qh5+ g6 11. Qxe5 Nxc2+ 12. Kf1 Ne7 13. Nd2 Bc4+ 14. Ne2 Qd3 15. Bxb7 Qxe2+ 16. Qxe2 Bxe2+ 17. Kxe2 Rb8 18. Be4 Nxa1 19. Nc4 Rb4 20. Kd3 Ra4 21. Re1 Rxa2 22. Bg5 Kf7 23. Ne5+ Ke6 24. Ng4 Nd5 25. Bxg6+ Kd6 26. Bf7 Bg7 27. Ne3 Nxe3 28. Bxa2 Nac2 29. Bf4+ Kd7 30. Rc1 Nb4+ 31. Kxe3 Re8+ 32. Kf3 Be5 33. Rd1+ Bd6 34. Bc4 Rf8 35. Kg4 Kc6 36. Be3 a5 37. b3 Bc5 38. Bxc5 Kxc5 39. f4 a4 40. Rd7 a3 41. Rxc7+ Kb6 42. Rd7 a2 43. Rd1 Nc2 44. Rd6+ Kc7 45. Ra6 a1Q 46. Rxa1 Nxa1 0-1

[Event "Prague Holiday M11"]
[Site "Prague"]
[Date "2015.07.21"]
[Round "4"]
[White "Thomasson, Staffan"]
[Black "Hentzgen, Thomas"]
[Result "1-0"]
[WhiteElo "1911"]
[BlackElo "2085"]
[PlyCount "69"]
[EventDate "2015.07.19"]
[EventType "tourn"]
[EventRounds "9"]
[EventCountry "CZE"]
[SourceTitle "EXT 2017"]
[Source "ChessBase"]
[SourceDate "2016.10.25"]
[SourceVersion "1"]
[SourceVersionDate "2016.10.25"]
[SourceQuality "1"]

1. g3 f5 2. Bg2 Nf6 3. d3 d6 4. e4 Nc6 5. Ne2 g6 6. Nbc3 Bg7 7. Bg5 e5 8. Nd5 h6 9. Bxf6 Bxf6 10. Qd2 Bg7 11. 0-0-0 Be6 12. exf5 Bxf5 13. Nb4 Na5 14. d4 exd4 15. Nxd4 0-0 16. Nxf5 Rxf5 17. c3 Kh7 18. Be4 Re5 19. Qd3 Qe8 20. Rhe1 d5 21. Nxd5 Rd8 22. Qe2 Qa4 23. Qc2 Qxa2 24. Nf6+ Bxf6 25. Rxd8 Qa1+ 26. Kd2 Nc4+ 27. Ke2 Qa6 28. Rd7+ Be7 29. Kf3 Qe6 30. Rd4 b5 31. b3 Bc5 32. Rd8 Bxf2 33. Bxg6+ Kg7 34. Rxe5 Qxe5 35. bxc4 1-0

[Event "Prague Holiday M11"]
[Site "Prague"]
[Date "2015.07.19"]
[Round "1"]
[White "Hanl, Frantisek"]
[Black "Thomasson, Staffan"]
[Result "0-1"]
[WhiteElo "2092"]
[BlackElo "1911"]
[PlyCount "60"]
[EventDate "2015.07.19"]
[EventType "tourn"]
[EventRounds "9"]
[EventCountry "CZE"]
[SourceTitle "EXT 2017"]
[Source "ChessBase"]
[SourceDate "2016.10.25"]
[SourceVersion "1"]
[SourceVersionDate "2016.10.25"]
[SourceQuality "1"]

1. e4 g6 2. d4 Bg7 3. Nc3 d5 4. exd5 Nf6 5. Nf3 Nxd5 6. Nxd5 Qxd5 7. c4 Qd6 8. Be3 0-0 9. Qb3 a5 10. h4 a4 11. Qc2 Nc6 12. Qd2 Bg4 13. 0-0-0 a3 14. b3 Rfd8 15. c5 Qd7 16. d5 Bb2+ 17. Kb1 Bf5+ 18. Bd3 Qxd5 19. Bxf5 Qxf5+ 20. Qc2 Qg4 21. Ng5 Nb4 22. Rxd8+ Rxd8 23. Qc4 Rd1+ 24. Rxd1 Qxd1+ 25. Bc1 Nd5 26. Ne4 f5 27. c6 b5 28. Nc3 Bxc3 29. Qxb5 Bb2 30. Qc4 e6 0-1

[Event "Deltalift op"]
[Site "Tylosand"]
[Date "2015.05.14"]
[Round "1"]
[White "Sjodahl, Pontus"]
[Black "Thomasson, Staffan"]
[Result "1-0"]
[WhiteElo "2411"]
[BlackElo "1894"]
[PlyCount "65"]
[EventDate "2015.05.14"]
[EventType "swiss"]
[EventRounds "8"]
[EventCountry "SWE"]
[SourceTitle "CBM 166 Extra"]
[Source "ChessBase"]
[SourceDate "2015.06.18"]
[SourceVersion "1"]
[SourceVersionDate "2015.06.18"]
[SourceQuality "1"]

1. d4 g6 2. c4 Bg7 3. e4 c5 4. d5 d6 5. Bd3 Nf6 6. Nc3 0-0 7. h3 e6 8. Nf3 exd5 9. cxd5 Re8 10. 0-0 Nbd7 11. Bf4 Qb6 12. Rb1 Nh5 13. Be3 Ne5 14. Nxe5 Bxe5 15. Qd2 Bd7 16. b4 Qc7 17. Nb5 Bxb5 18. Bxb5 Rec8 19. bxc5 dxc5 20. f4 a6 21. Be2 Ng3 22. fxe5 Nxf1 23. Rxf1 Qxe5 24. Bf3 b5 25. Rc1 c4 26. Bd4 Qe7 27. e5 Rab8 28. d6 c3 29. Rxc3 Qd8 30. Rd3 Rc4 31. Bd5 Rcc8 32. Rf3 Qd7 33. Qh6 1-0

[Event "Prague Holiday K31"]
[Site "Prague"]
[Date "2014.08.03"]
[Round "2"]
[White "Thomasson, Staffan"]
[Black "Kovar, Jan2222"]
[Result "1-0"]
[WhiteElo "1879"]
[BlackElo "1945"]
[PlyCount "69"]
[EventDate "2014.08.03"]
[EventType "tourn"]
[EventRounds "9"]
[EventCountry "CZE"]
[SourceTitle "EXT 2023"]
[Source "ChessBase"]
[SourceDate "2022.10.05"]
[SourceVersion "1"]
[SourceVersionDate "2022.10.05"]
[SourceQuality "1"]

1. Nf3 d5 2. d4 Nf6 3. Bg5 Ne4 4. Bf4 c5 5. c3 e6 6. Bxb8 Rxb8 7. Qa4+ Bd7 8. Qc2 Be7 9. e3 0-0 10. Be2 f5 11. Nbd2 Nxd2 12. Qxd2 Bd6 13. Ne5 Bxe5 14. dxe5 Qg5 15. f4 Qd8 16. 0-0 Qa5 17. g4 Bb5 18. Bxb5 Qxb5 19. gxf5 Rxf5 20. Rf3 Qc4 21. Rg3 Qe4 22. Qe2 b5 23. Qg4 Rb7 24. Re1 d4 25. cxd4 cxd4 26. Rc1 dxe3 27. Rc8+ Rf8 28. Qxe6+ Rbf7 29. Rxf8+ Kxf8 30. Qc8+ Ke7 31. Qc5+ Kd8 32. Qd6+ Rd7 33. Qb8+ Ke7 34. Rxg7+ Ke6 35. Qe8+ 1-0

[Event "Prague Holiday K21"]
[Site "Prague"]
[Date "2014.07.31"]
[Round "8"]
[White "Wolf, Ulrich"]
[Black "Thomasson, Staffan"]
[Result "1/2-1/2"]
[WhiteElo "2071"]
[BlackElo "1882"]
[PlyCount "62"]
[EventDate "2014.07.27"]
[EventType "tourn"]
[EventRounds "9"]
[EventCountry "CZE"]
[SourceTitle "EXT 2023"]
[Source "ChessBase"]
[SourceDate "2022.10.05"]
[SourceVersion "1"]
[SourceVersionDate "2022.10.05"]
[SourceQuality "1"]

1. Nf3 Nf6 2. c4 e6 3. b3 Be7 4. Bb2 0-0 5. g3 d5 6. Bg2 c5 7. e3 Nc6 8. 0-0 a6 9. cxd5 exd5 10. d4 Bg4 11. h3 Bh5 12. g4 Bg6 13. dxc5 Bxc5 14. Nd4 Be4 15. Nxc6 bxc6 16. Bd4 Bd6 17. Nc3 Bxg2 18. Kxg2 Nd7 19. Ne2 Re8 20. Rc1 Rc8 21. Qd3 h5 22. Rh1 Qg5 23. Rcg1 c5 24. Bb2 h4 25. Rb1 Nb6 26. Qxa6 Bc7 27. Qd3 d4 28. exd4 Nd5 29. Bc1 Qe7 30. dxc5 Rcd8 31. Qf3 Qxe2 1/2-1/2

[Event "Prague Holiday K21"]
[Site "Prague"]
[Date "2014.07.28"]
[Round "3"]
[White "Klamp, Christoph"]
[Black "Thomasson, Staffan"]
[Result "1/2-1/2"]
[WhiteElo "2053"]
[BlackElo "1882"]
[PlyCount "51"]
[EventDate "2014.07.27"]
[EventType "tourn"]
[EventRounds "9"]
[EventCountry "CZE"]
[SourceTitle "EXT 2023"]
[Source "ChessBase"]
[SourceDate "2022.10.05"]
[SourceVersion "1"]
[SourceVersionDate "2022.10.05"]
[SourceQuality "1"]

1. Nf3 Nf6 2. c4 c5 3. g3 b6 4. Bg2 Bb7 5. 0-0 e6 6. Nc3 Be7 7. Re1 0-0 8. e4 d6 9. d4 cxd4 10. Nxd4 a6 11. Be3 Nbd7 12. Rc1 Qc7 13. b3 Rac8 14. h3 Qb8 15. f4 Qa8 16. Bf2 Nc5 17. Qe2 Rfe8 18. a4 d5 19. cxd5 exd5 20. Nxd5 Nxd5 21. exd5 Bxd5 22. Bxd5 Qxd5 23. b4 Bf8 24. Qxe8 Rxe8 25. Rxe8 Nd7 26. Ra8 1/2-1/2